| 000 | 00564nam a2200217 a 4500 | ||
|---|---|---|---|
| 001 | BRL_1518 | ||
| 005 | 20190320211238.0 | ||
| 008 | 130214s1959----mx-a######---#000-1#spa-# | ||
| 041 | _aspa | ||
| 044 | _amx | ||
| 050 | 4 |
_aPQ7297.A53 _b.M39 1959 |
|
| 100 | 1 |
_aAncira, Erasmo _927149 |
|
| 245 | 1 | 0 |
_aUn maya descubre España en 1530 _bNovela _cErasmo Ancira. |
| 260 |
_aMéxico _bLa Prensa _c1959 |
||
| 300 |
_a221 p. _bil. _c18 cm. |
||
| 440 | 0 |
_aPopulibros _v36 _927150 |
|
| 500 | _aAu1696 | ||
| 650 | 1 | 4 |
_aMayas _vNovela _927151 |
| 902 | _aGRL | ||
| 942 |
_2lcc _cB |
||
| 999 |
_c10327 _d10327 |
||